Middle Initials Quiz Stats

 Plays Quiz Updated Jun 19, 2018

Score 0/28 Timer 01:00
1 Play Today
Name Initial % Correct
Michael FoxJ
73.4%
John KennedyF
72.4%
Samuel JacksonL
71.5%
Robert LeeE
68.1%
Mary BligeJ
67.6%
Booker WashingtonT
66.1%
Susan AnthonyB
64.8%
Johnny GoodeB
56.2%
John RockefellerD
53.2%
William MacyH
52.4%
James PolkK
52.3%
Warren HardingG
49.9%
Homer SimpsonJ
47.2%
John ReillyC
46.5%
Name Initial % Correct
George PattonS
39.7%
Alex KeatonP
38.6%
Cecil De MilleB
38.2%
George ScottC
37.4%
Hunter ThompsonS
36.4%
Edward MurrowR
36.3%
William BuckleyF
34.9%
James BrooksL
31.6%
Dwight SchruteK
31.6%
Alfred NeumanE
30.7%
Philip DickK
23.6%
David KelleyE
22%
William BurroughsS
19.8%
Daniel TravantiJ
17.3%

You're not logged in!

Compare scores with friends on all Sporcle quizzes.
OR
Log In

Sporcle TV

Today on Sporcle TV


Watch our educational content, quiz creation guides, and fun videos on Sporcle TV.

Show Comments

Extras

Top Quizzes Today


Score Distribution

Your Account Isn't Verified!

In order to create a playlist on Sporcle, you need to verify the email address you used during registration. Go to your Sporcle Settings to finish the process.

Report this User

Report this user for behavior that violates our Community Guidelines.

Details: